000 00682nam a2200241 a 4500
001 BRL_852
005 20190320210926.0
008 181013s1973----gw-a######---#000-0#ger-#
020 _a3768415953
041 _ager
044 _agw
050 4 _aNK8406
_b.H34 1973
100 1 _aHaedeke, Hanns-Ulrich
_925134
245 1 0 _aZinn
_bZentren der Zinngießerkunst von der Antike bis zum Jugendstil
_cHanns-Ulrich Haedeke.
260 _aHanau, Alemania
_bWerner Dausien
_c[1973?]
300 _a242 p.
_bil.
_c23 cm.
500 _aAu990
650 1 4 _aPeltre
_xHistoria
_925135
650 1 4 _aMetales en el arte
_925136
650 1 4 _aArt Nouveau
_92294
902 _aGRL
942 _2lcc
_cB
999 _c9664
_d9664